000 nam a22 7a 4500
999 _c8139
_d8139
008 171129b xxu||||| |||| 00| 0 eng d
100 _aChetna
_94576
245 _aEducator,s manual
260 _aNew Delhi
_bChetna
_c1995